Face, harmony, and social structure (Record no. 196465)
[ view plain ]
| 000 -LEADER | |
|---|---|
| fixed length control field | 01648nam a2200313Ia 4500 |
| 082 04 - DEWEY DECIMAL CLASSIFICATION NUMBER | |
| Classification number | 302.3/5 |
| 100 1# - MAIN ENTRY--AUTHOR NAME | |
| Personal name | Earley, P. Christopher. |
| 245 10 - TITLE STATEMENT | |
| Title | Face, harmony, and social structure |
| 260 ## - PUBLICATION, DISTRIBUTION, ETC. (IMPRINT) | |
| Place of publication | New York ; |
| -- | Oxford, [England] : |
| Name of publisher | Oxford University Press, |
| Year of publication | 1997. |
| 300 ## - PHYSICAL DESCRIPTION | |
| Number of Pages | ix, 244 p. |
| 505 0# - FORMATTED CONTENTS NOTE | |
| Formatted contents note | 1. Introduction and Overview -- 2. General Framework and Model -- 3. Face and Social Context -- 4. Mianzi as a Form of Face -- 5. Lian as Form of Face -- 6. The Social Actor -- 7. Harmony and Face -- 8. Societal Context -- 9. Organizational Context and Content -- 10. Resulting Patterns and Consequences -- 11. Conclusions and Research Agenda. |
| 650 #0 - SUBJECT ADDED ENTRY--TOPICAL TERM | |
| Topical Term | Organizational behavior |
| Topical Term | Self-perception |
| 856 40 - ELECTRONIC LOCATION AND ACCESS | |
| Uniform Resource Identifier | http://site.ebrary.com/lib/rucke/Doc?id=10142279 |
No items available.
